| 000 | 00352 a2200145 4500 | ||
|---|---|---|---|
| 001 | 150041 | ||
| 040 | _cEscola São Tomás de Aquino | ||
| 100 | _aBRANCO, Samuel Murgel | ||
| 240 | 1 | 0 |
_aAventuras de uma gota d'água _lpor |
| 245 | 1 | 0 | _aAventuras de uma gota d'água |
| 300 | _a48 | ||
| 362 | 0 | _a2002 | |
| 697 | _a*LITERATURA INFANTO | ||
| 942 | _cBK | ||
| 999 |
_c150041 _d150041 |
||